Установяване, развитие и система на пролетарската диктатура у нас (Запис номер 442758)
[ съкратено ]
| 000 -Лидер | |
|---|---|
| Контролно поле с фиксирана дължина | nam a22 a 4500 |
| 003 - Код на организацията, давaща контролен номер | |
| Контролно поле | BLK |
| 005 - Дата и час на последна редакция | |
| Контролно поле | 20220201113303.0 |
| 008 - Елементи от данни с фиксирана дължина | |
| fixed length control field | 210729b bu |||||r|||| 00| | bu d |
| 040 ## - Източник на каталожния запис | |
| Идентификатор на билиотеката - собственик на записа | BLK |
| 041 ## - Код за език | |
| Код за езика на текст/звукозапис или на отделно заглавие | Български |
| Код за езика КДБФ | Български |
| 080 ## - УДК | |
| Текстов определител УДК | Социалистическа демокрация. Диктатура на пролетариата. Съветска форма на социалистическа държава. Народна демокрация |
| УДК код - определител по УДК | 321.74 |
| УДК - код + определител | 321.74 |
| 100 ## - Редна дума - Автор | |
| R(LIN) | 378482 |
| Автор | Попов, Петър Николов |
| Авторска отговорност | първи автор |
| 139 ## - Редно поле | |
| Редна дума | Попов, Петър Николов |
| 245 ## - Сведения за заглавието | |
| Заглавие | Установяване, развитие и система на пролетарската диктатура у нас |
| Редно поле (дума) | Петър Николов Попов |
| 260 ## - Област на издателските данни | |
| 9 (RLIN) | 406277 |
| Място на издаване, разпространение и проч. | София |
| Име на издателя, разпространителя и проч. | БАН |
| Година на издаване | 1956 |
| 300 ## - Физическа характеристика | |
| Страници | 272 с. |
| Размери/Мащаб | 22 см |
| 380 ## - Жанр | |
| Жанр | Обществени науки |
| 500 ## - Общи забележки | |
| Забележка | Изд. на БАН. Правен инст. - 1 000 тир. - С библиогр. на с.254-260 ; Рез. на рус. и англ. ез. |
| 650 #7 - Допълнително описание по предмет – тема | |
| 9 (RLIN) | 153425 |
| Основно описание – тема или топоним | Диктатура на пролетариата |
| 852 ## - Местоположение | |
| Форматна сигнатура | Цб 1534 |
| Фондова буква | Основен фонд - ползва се само за читалня |
| 999 ## - СИСТЕМНИ КОНТРОЛНИ НОМЕРА | |
| Koha biblionumber | 442758 |
| Koha biblioitemnumber | 442758 |
| 942 ## - АРТИКУЛИ | |
| Вид на библиотечния материал | Книги |
| Скрит в OPAC | Не |
| Периодичен библиозапис | Да |
| 944 ## - СЪЗДАВАНЕ И РЕДАКЦИЯ на ЗАПИСА | |
| Създаване/Редакция | Създаване |
| Дата на регистрацията/редакция | 2022-02-01 |
| Служител, извършил регистрацията/редакцията | Г. Цуфелде |
| 999 ## - СИСТЕМНИ КОНТРОЛНИ НОМЕРА | |
| Koha biblioitemnumber | 442758 |
| Код за отписване | Код за изгубен артикул | Източник на класификационната схема | Код за повреда | Коз за рестрикции | Код за отдаване | Артикулен № | Име на библиотеката - собственик | Име на библиотеката, в която се намира в момента | Статус (Текущо местоположение) | Дата на вписване в системата | Местоположение - отдел | Цена в лева | Инвентарен номер | Систематично азбучна сигнатура | Баркод | Цена в евро | Служебен тип на артикула |
|---|---|---|---|---|---|---|---|---|---|---|---|---|---|---|---|---|---|
| Не е изгубен | Universal Decimal Classification | Не е повреден | само за читалня | ползва се в читалня | 869116 | Регионална библиотека "Любен Каравелов" Русе | Регионална библиотека "Любен Каравелов" Русе | Хранилище | 2022-02-01 | Основен фонд - ползва се само за читалня | 1.50 | 1790/57 | Цб 1534 | 900000050327 | 0.77 | Книги |